[Event "NED-ch 1997"]
[Site "Rotterdam"]
[Date "1997.06.21"]
[Round "1"]
[White "Piket, Jeroen"]
[Black "Nijboer, Friso"]
[Result "1/2-1/2"]
[WhiteElo "2640"]
[BlackElo "2555"]
[PlyCount "43"]
[EventDate "1997.06.21"]
[Source "ChessBase"]
[SourceDate "1997.10.13"]

1. d4 Nf6 2. c4 g6 3. Nc3 Bg7 4. e4 d6 5. h3 O-O 6. Bg5 Na6 7. Nf3 Qe8 8. a3 e5
9. dxe5 dxe5 10. b4 b6 11. Be2 Bb7 12. Nd2 c6 13. O-O Nc7 14. c5 Ne6 15. Be3
Nd4 16. Re1 Qe7 17. cxb6 axb6 18. Nc4 Nd7 19. Bf1 Ba6 20. Qb1 Bxc4 21. Bxc4 b5
22. Bd3 1/2-1/2

[Event "NED-ch 1997"]
[Site "Rotterdam"]
[Date "1997.06.21"]
[Round "1"]
[White "Riemersma, Liafbern"]
[Black "Van der Weide, Karel"]
[Result "1-0"]
[WhiteElo "2435"]
[BlackElo "2355"]
[PlyCount "75"]
[EventDate "1997.06.21"]
[Source "ChessBase"]
[SourceDate "1997.10.13"]

1. d4 Nf6 2. c4 d6 3. Nc3 Nbd7 4. e4 e5 5. Nf3 g6 6. Be2 Bg7 7. O-O O-O 8. Be3
c6 9. d5 Ng4 10. Bg5 f6 11. Bd2 Qe7 12. b4 Nh6 13. a4 a5 14. bxa5 Nc5 15. Be3
Nf7 16. Nd2 f5 17. Bxc5 dxc5 18. Nb3 Bh6 19. Qc2 Rd8 20. Bd3 f4 21. f3 Bf8 22.
a6 Rxa6 23. a5 Qc7 24. Na4 Bd6 25. Qf2 Rxa5 26. Nxa5 Qxa5 27. Rfb1 Qc7 28. Nb6
Bf8 29. Qb2 Nd6 30. Ra8 cxd5 31. exd5 e4 32. fxe4 Bg7 33. e5 Nf7 34. d6 Nxd6
35. exd6 Qxd6 36. Qe2 Bd4+ 37. Kh1 f3 38. Qxf3 1-0

[Event "NED-ch 1997"]
[Site "Rotterdam"]
[Date "1997.06.21"]
[Round "1"]
[White "Sokolov, Ivan"]
[Black "Cifuentes Parada, Roberto"]
[Result "1/2-1/2"]
[WhiteElo "2615"]
[BlackElo "2515"]
[PlyCount "83"]
[EventDate "1997.06.21"]
[Source "ChessBase"]
[SourceDate "1997.10.13"]

1. d4 d5 2. c4 dxc4 3. Nf3 Nf6 4. e3 e6 5. Bxc4 c5 6. O-O a6 7. Qe2 Nc6 8. Nc3
b5 9. Bd3 cxd4 10. exd4 Be7 11. a4 bxa4 12. Rxa4 Nb4 13. Bb1 Bb7 14. Bg5 a5 15.
Rd1 O-O 16. Ne5 Nfd5 17. Bd2 f5 18. Ra1 Re8 19. Nd3 Bd6 20. Nxd5 Bxd5 21. Nf4
Bb3 22. Rc1 Qb6 23. Rc3 Nd5 24. Nxd5 Bxd5 25. Be3 Rab8 26. Rc2 f4 27. Bd2 Qxd4
28. Bc3 Qe4 29. Qxe4 Bxe4 30. Rd2 Bd5 31. Rxa5 Rec8 32. Rd1 Bb4 33. Bxb4 Rxb4
34. Ba2 Bxa2 35. Rxa2 Rc7 36. h4 Kf7 37. Rd2 Kf6 38. f3 Rc1+ 39. Kh2 Rc7 40.
Ra6 Rcb7 41. Re2 R7b6 42. Rxb6 1/2-1/2

[Event "NED-ch 1997"]
[Site "Rotterdam"]
[Date "1997.06.21"]
[Round "1"]
[White "Sosonko, Gennadi"]
[Black "Timman, Jan"]
[Result "1/2-1/2"]
[WhiteElo "2515"]
[BlackElo "2630"]
[PlyCount "29"]
[EventDate "1997.06.21"]
[Source "ChessBase"]
[SourceDate "1997.10.13"]

1. d4 Nf6 2. c4 e6 3. g3 Bb4+ 4. Bd2 c5 5. Bxb4 cxb4 6. Bg2 O-O 7. Nf3 Qc7 8.
Nbd2 b6 9. a3 bxa3 10. Rxa3 Bb7 11. O-O d6 12. b4 Nc6 13. b5 Na5 14. Qa1 Rfc8
15. Rc1 1/2-1/2

[Event "NED-ch 1997"]
[Site "Rotterdam"]
[Date "1997.06.21"]
[Round "1"]
[White "Van der Wiel, John"]
[Black "Van der Sterren, Paul"]
[Result "1-0"]
[WhiteElo "2555"]
[BlackElo "2515"]
[PlyCount "71"]
[EventDate "1997.06.21"]
[Source "ChessBase"]
[SourceDate "1997.10.13"]

1. e4 e5 2. Nf3 Nc6 3. Bb5 a6 4. Bxc6 dxc6 5. O-O f6 6. d4 Bg4 7. dxe5 Qxd1 8.
Rxd1 fxe5 9. Rd3 Bd6 10. Nbd2 Nf6 11. b3 O-O-O 12. Bb2 Rhe8 13. Re1 b5 14. a3
Nd7 15. Ng5 Nc5 16. Rg3 h5 17. Nf7 Rd7 18. Nxd6+ cxd6 19. h3 Be6 20. Rg5 Rh8
21. Nf1 Bg8 22. Ng3 h4 23. Nf5 Rh7 24. Rg6 Be6 25. b4 Bxf5 26. exf5 Na4 27. Ba1
Nb6 28. f4 exf4 29. Re4 Nd5 30. Ree6 Kc7 31. Kf2 Ne3 32. Kf3 Nxf5 33. Kxf4 Ne7
34. Rg4 Nd5+ 35. Kg5 Rf7 36. Kg6 1-0

[Event "NED-ch 1997"]
[Site "Rotterdam"]
[Date "1997.06.22"]
[Round "2"]
[White "Cifuentes Parada, Roberto"]
[Black "Sosonko, Gennadi"]
[Result "1/2-1/2"]
[WhiteElo "2515"]
[BlackElo "2515"]
[PlyCount "40"]
[EventDate "1997.06.21"]
[Source "ChessBase"]
[SourceDate "1997.10.13"]

1. d4 Nf6 2. c4 e6 3. Nf3 d5 4. e3 c5 5. cxd5 exd5 6. Nc3 Bd6 7. dxc5 Bxc5 8.
Be2 Nc6 9. O-O O-O 10. b3 a6 11. Bb2 Ba7 12. Rc1 Qd6 13. Nb1 Rd8 14. Nd4 Bb8
15. g3 Bh3 16. Re1 Ba7 17. Ba3 Qd7 18. Bc5 Bxc5 19. Rxc5 Ne4 20. Rc1 Rac8
1/2-1/2

[Event "NED-ch 1997"]
[Site "Rotterdam"]
[Date "1997.06.22"]
[Round "2"]
[White "Nijboer, Friso"]
[Black "Van der Sterren, Paul"]
[Result "1/2-1/2"]
[WhiteElo "2555"]
[BlackElo "2515"]
[PlyCount "112"]
[EventDate "1997.06.21"]
[Source "ChessBase"]
[SourceDate "1997.10.13"]

1. e4 e6 2. d3 d5 3. Qe2 Nf6 4. Nf3 Be7 5. g3 c5 6. Bg2 Nc6 7. O-O O-O 8. e5
Nd7 9. c4 Re8 10. Nc3 d4 11. Nb1 Rb8 12. h4 a6 13. Bf4 b5 14. Nbd2 Bb7 15. Rfc1
Ba8 16. h5 h6 17. g4 Na5 18. cxb5 axb5 19. Ne4 Bd5 20. b4 cxb4 21. Nxd4 Qb6 22.
Be3 Qb7 23. f4 Rbc8 24. Nd6 Bxd6 25. exd6 Rc3 26. Bd2 Rxc1+ 27. Rxc1 Bxg2 28.
Qxg2 Qb6 29. Be3 Qxd6 30. g5 hxg5 31. Qxg5 Qd5 32. Qxd5 exd5 33. Bd2 Nf6 34.
Bxb4 Ra8 35. h6 Nh5 36. Ne2 gxh6 37. Kf2 Nb7 38. a3 Nd8 39. Rc5 Ne6 40. Rxd5
Nhxf4 41. Nxf4 Nxf4 42. Rd6 Re8 43. Kf3 Ne6 44. d4 Ng5+ 45. Kf4 Kg7 46. d5 f6
47. Rd7+ Kg6 48. Be7 h5 49. Rb7 h4 50. d6 h3 51. Rxb5 h2 52. Rb1 Rh8 53. Rh1
Rh3 54. Bxf6 Kxf6 55. d7 Nf7 56. Kg4 Rxa3 1/2-1/2

[Event "NED-ch 1997"]
[Site "Rotterdam"]
[Date "1997.06.22"]
[Round "2"]
[White "Van der Weide, Karel"]
[Black "Van den Doel, Erik"]
[Result "0-1"]
[WhiteElo "2355"]
[BlackElo "2430"]
[PlyCount "64"]
[EventDate "1997.06.21"]
[Source "ChessBase"]
[SourceDate "1997.10.13"]

1. e4 g6 2. d3 Bg7 3. g3 e5 4. Bg2 Ne7 5. Nf3 O-O 6. O-O d5 7. Nbd2 Nbc6 8. a3
a5 9. b3 d4 10. Bb2 b6 11. Qb1 Ba6 12. Rc1 Qd7 13. c3 dxc3 14. Rxc3 Rad8 15.
Bf1 f5 16. Qc2 Bh6 17. Nc4 Bxc4 18. dxc4 Nd4 19. Qb1 Nec6 20. c5 f4 21. Bc4+
Kh8 22. Nxd4 exd4 23. Rc2 Ne5 24. Bd5 Nf3+ 25. Kg2 fxg3 26. hxg3 c6 27. Qh1 Bg7
28. cxb6 cxd5 29. Rc7 Qg4 30. Rac1 Ng5 31. Kf1 Nxe4 32. Ke1 Nxg3 0-1

[Event "NED-ch 1997"]
[Site "Rotterdam"]
[Date "1997.06.23"]
[Round "3"]
[White "Riemersma, Liafbern"]
[Black "Cifuentes Parada, Roberto"]
[Result "0-1"]
[WhiteElo "2435"]
[BlackElo "2515"]
[PlyCount "70"]
[EventDate "1997.06.21"]
[Source "ChessBase"]
[SourceDate "1997.10.13"]

1. e4 d6 2. Nc3 c5 3. Nf3 e5 4. Bc4 Nc6 5. d3 Bg4 6. h3 Bxf3 7. Qxf3 Nf6 8. Ne2
Be7 9. c3 O-O 10. Ng3 Na5 11. Nf5 Nxc4 12. dxc4 Ne8 13. h4 Rb8 14. Be3 Qd7 15.
O-O-O Qe6 16. Qe2 a6 17. a4 f6 18. Rh3 Rf7 19. Rg3 Kh8 20. f4 Bf8 21. h5 b5 22.
axb5 axb5 23. cxb5 Qb3 24. fxe5 fxe5 25. c4 Ra7 26. Qc2 Qb4 27. Qc3 Qxc3+ 28.
bxc3 Nf6 29. Kc2 Nxe4 30. Rf3 Ra2+ 31. Kd3 Nf6 32. Ng3 Ra4 33. Bg5 d5 34. cxd5
e4+ 35. Nxe4 Nxe4 0-1

[Event "NED-ch 1997"]
[Site "Rotterdam"]
[Date "1997.06.23"]
[Round "3"]
[White "Sokolov, Ivan"]
[Black "Nijboer, Friso"]
[Result "1/2-1/2"]
[WhiteElo "2615"]
[BlackElo "2555"]
[PlyCount "115"]
[EventDate "1997.06.21"]
[Source "ChessBase"]
[SourceDate "1997.10.13"]

1. d4 Nf6 2. Nf3 g6 3. Bg5 Bg7 4. Nbd2 c5 5. Bxf6 Bxf6 6. Ne4 Bxd4 7. Nxd4 cxd4
8. Qxd4 O-O 9. c4 Qa5+ 10. Qc3 Nc6 11. g3 d6 12. Bg2 Bf5 13. Qxa5 Nxa5 14. b3
Bxe4 15. Bxe4 Rac8 16. O-O e6 17. f4 Rfd8 18. Rfc1 Kf8 19. Kf2 Ke7 20. e3 h5
21. Ke2 Rc7 22. h3 Nc6 23. g4 hxg4 24. hxg4 Rh8 25. Rh1 Rcc8 26. g5 a6 27. Rxh8
Rxh8 28. Rh1 Rxh1 29. Bxh1 Kd7 30. Kd2 b6 31. Kc3 Ne7 32. Be4 d5 33. cxd5 exd5
34. Bd3 a5 35. b4 Kd6 36. Kb3 Nc6 37. a3 axb4 38. axb4 Nd8 39. Be2 d4 40. exd4
Ne6 41. Bc4 b5 42. Bxe6 fxe6 43. Kc3 Ke7 44. Kd3 Kd7 45. Ke4 Kd6 46. d5 exd5+
47. Kd4 Ke6 48. Kc5 Kf5 49. Kxd5 Kxf4 50. Kc5 Kxg5 51. Kxb5 Kf6 52. Kc6 g5 53.
b5 g4 54. b6 g3 55. b7 g2 56. b8=Q g1=Q 57. Qb6 Qxb6+ 58. Kxb6 1/2-1/2

[Event "NED-ch 1997"]
[Site "Rotterdam"]
[Date "1997.06.23"]
[Round "3"]
[White "Sosonko, Gennadi"]
[Black "Piket, Jeroen"]
[Result "1/2-1/2"]
[WhiteElo "2515"]
[BlackElo "2640"]
[PlyCount "33"]
[EventDate "1997.06.21"]
[Source "ChessBase"]
[SourceDate "1997.10.13"]

1. d4 d5 2. Nf3 Nf6 3. c4 e6 4. g3 dxc4 5. Bg2 a6 6. O-O Nc6 7. e3 Bd7 8. Nc3
Rb8 9. Ne5 Na5 10. e4 b5 11. g4 b4 12. g5 bxc3 13. bxc3 Rb5 14. gxf6 gxf6 15.
Nxd7 Qxd7 16. Qf3 Rg8 17. Kh1 1/2-1/2

[Event "NED-ch 1997"]
[Site "Rotterdam"]
[Date "1997.06.23"]
[Round "3"]
[White "Van den Doel, Erik"]
[Black "Timman, Jan"]
[Result "0-1"]
[WhiteElo "2430"]
[BlackElo "2630"]
[PlyCount "84"]
[EventDate "1997.06.21"]
[Source "ChessBase"]
[SourceDate "1997.10.13"]

1. e4 e5 2. Nf3 Nc6 3. Bb5 a6 4. Ba4 Nf6 5. O-O Nxe4 6. d4 b5 7. Bb3 d5 8. dxe5
Be6 9. Nbd2 Nc5 10. c3 Be7 11. Bc2 Bg4 12. Re1 O-O 13. Nf1 Re8 14. h3 Bh5 15.
Ng3 Bg6 16. Nf5 Ne4 17. Nxe7+ Rxe7 18. Bf4 Qd7 19. Nh4 Nc5 20. Nxg6 hxg6 21.
Be3 Ne6 22. f4 d4 23. Be4 Rd8 24. Bc1 Nc5 25. Bf3 Qe6 26. f5 gxf5 27. Bxc6 Qxc6
28. Bg5 f6 29. exf6 Rxe1+ 30. Qxe1 gxf6 31. Qe7 Re8 32. Qxf6 Qxf6 33. Bxf6 d3
34. Bd4 Na4 35. Rd1 c5 36. Bf6 Kf7 37. Bh4 Nxb2 38. Rd2 Re4 39. Bg3 Re3 40. Bf4
Re2 41. Kf1 Rxd2 42. Bxd2 Nc4 0-1

[Event "NED-ch 1997"]
[Site "Rotterdam"]
[Date "1997.06.23"]
[Round "3"]
[White "Van der Wiel, John"]
[Black "Van der Weide, Karel"]
[Result "1/2-1/2"]
[WhiteElo "2555"]
[BlackElo "2355"]
[PlyCount "45"]
[EventDate "1997.06.21"]
[Source "ChessBase"]
[SourceDate "1997.10.13"]

1. e4 c5 2. Nf3 Nc6 3. d4 cxd4 4. Nxd4 g6 5. Be2 Bg7 6. Nb3 Nf6 7. Nc3 O-O 8.
O-O a5 9. a4 Nb4 10. Bg5 h6 11. Bh4 g5 12. Bg3 d5 13. exd5 Nfxd5 14. Nxd5 Nxd5
15. Bf3 e6 16. Bxd5 exd5 17. c3 Qb6 18. Re1 Bd7 19. Be5 Rfe8 20. Bxg7 Rxe1+ 21.
Qxe1 Kxg7 22. Qd1 Kg8 23. h3 1/2-1/2

[Event "NED-ch 1997"]
[Site "Rotterdam"]
[Date "1997.06.24"]
[Round "4"]
[White "Cifuentes Parada, Roberto"]
[Black "Van den Doel, Erik"]
[Result "0-1"]
[WhiteElo "2515"]
[BlackElo "2430"]
[PlyCount "98"]
[EventDate "1997.06.21"]
[Source "ChessBase"]
[SourceDate "1997.10.13"]

1. Nf3 Nf6 2. g3 g6 3. b3 Bg7 4. Bb2 O-O 5. Bg2 d6 6. d4 Nbd7 7. O-O e5 8. dxe5
Ng4 9. c4 dxe5 10. e4 c6 11. h3 Nh6 12. Qc2 f5 13. Nbd2 Qe7 14. a3 Nc5 15. b4
Nxe4 16. Nxe4 fxe4 17. Qxe4 Bf5 18. Qe3 Nf7 19. Rfe1 Rfe8 20. c5 Rad8 21. Bf1
e4 22. Bxg7 Kxg7 23. g4 Qf6 24. gxf5 exf3 25. Qxf3 Re5 26. Rad1 Rxf5 27. Qe3
Rf3 28. Qe2 Rxd1 29. Rxd1 Rxa3 30. Rd7 b5 31. cxb6 axb6 32. Qd2 b5 33. Bg2 Ra1+
34. Kh2 g5 35. Qd4 Qxd4 36. Rxd4 Rc1 37. h4 h6 38. Rd7 Kf6 39. Rc7 Ne5 40. Rh7
gxh4 41. f4 Ng6 42. Rd7 Nxf4 43. Rd6+ Ke5 44. Rxc6 Rc4 45. Bf3 Rxb4 46. Rxh6
Rb2+ 47. Kh1 b4 48. Rb6 Kd4 49. Bg4 Nd3 0-1

[Event "NED-ch 1997"]
[Site "Rotterdam"]
[Date "1997.06.25"]
[Round "4"]
[White "Piket, Jeroen"]
[Black "Riemersma, Liafbern"]
[Result "1/2-1/2"]
[WhiteElo "2640"]
[BlackElo "2435"]
[PlyCount "122"]
[EventDate "1997.06.21"]
[Source "ChessBase"]
[SourceDate "1997.10.13"]

1. d4 Nf6 2. c4 g6 3. Nc3 d5 4. Nf3 Bg7 5. Qb3 dxc4 6. Qxc4 O-O 7. e4 Bg4 8.
Ne5 Nc6 9. Nxc6 bxc6 10. e5 Nd5 11. Be2 Nb6 12. Qxc6 Qxd4 13. Be3 Qb4 14. Bxg4
Qxg4 15. f4 f6 16. e6 Rad8 17. O-O Rd6 18. Qxc7 Qxe6 19. Bxb6 Rd7 20. Rae1
Qxb6+ 21. Qxb6 axb6 22. f5 Kf7 23. Re6 Rb8 24. Rc6 Bh6 25. fxg6+ hxg6 26. Re1
Bf4 27. g3 Be5 28. Re2 Rbb7 29. Nb5 Rd5 30. a4 Rd1+ 31. Kg2 Rb1 32. Nc3 Ra1 33.
Rc4 Rc1 34. Rc6 g5 35. Kf3 Bd4 36. Ke4 Rd7 37. Rd2 e5 38. h4 gxh4 39. gxh4 Rh1
40. Kf5 Rf1+ 41. Kg4 Rd8 42. Rc7+ Ke6 43. Rc6+ Kd7 44. Rxb6 Rg8+ 45. Kh5 Kc8
46. Nd5 Rh8+ 47. Kg6 Bxb6 48. Nxb6+ Kb7 49. Nd7 Rxh4 50. a5 Rd4 51. Nc5+ Kc6
52. Rc2 Kb5 53. a6 Rc4 54. Rxc4 Kxc4 55. b4 Kxb4 56. Ne4 Ra1 57. Kxf6 Ra5 58.
a7 Kc4 59. a8=Q Rxa8 60. Kxe5 Re8+ 61. Kf5 Kd4 1/2-1/2

[Event "NED-ch 1997"]
[Site "Rotterdam"]
[Date "1997.06.25"]
[Round "4"]
[White "Sokolov, Ivan"]
[Black "Sosonko, Gennadi"]
[Result "1-0"]
[WhiteElo "2615"]
[BlackElo "2515"]
[PlyCount "93"]
[EventDate "1997.06.21"]
[Source "ChessBase"]
[SourceDate "1997.10.13"]

1. d4 Nf6 2. c4 e6 3. Nf3 d5 4. Nc3 Bb4 5. Bg5 h6 6. Bxf6 Qxf6 7. e3 c5 8. Rc1
cxd4 9. Nxd4 Bxc3+ 10. Rxc3 dxc4 11. Nb5 Na6 12. Nd6+ Ke7 13. Bxc4 Nc5 14. Be2
b6 15. Nb5 Rd8 16. Qc2 Qg5 17. Bf3 Ba6 18. a4 Rac8 19. O-O Nxa4 20. Qxa4 Qxb5
21. Qa3+ Kf6 22. Ra1 Rxc3 23. Qxc3+ Kg6 24. h4 Kh7 25. Qc7 Rf8 26. Qxa7 Bc8 27.
Qe7 Kg8 28. b4 Qd7 29. Qxd7 Bxd7 30. Ra7 Rd8 31. Rb7 b5 32. h5 Be8 33. Be2 f5
34. g4 Rd2 35. Kf1 Rb2 36. Rb8 Kf7 37. gxf5 exf5 38. Bxb5 Bxb5+ 39. Rxb5 Kf6
40. Kg2 Rb1 41. Rb7 Kg5 42. Rxg7+ Kxh5 43. Rb7 Kg4 44. b5 h5 45. b6 h4 46. f3+
Kh5 47. Rb8 1-0

[Event "NED-ch 1997"]
[Site "Rotterdam"]
[Date "1997.06.26"]
[Round "5"]
[White "Riemersma, Liafbern"]
[Black "Sokolov, Ivan"]
[Result "0-1"]
[WhiteElo "2435"]
[BlackElo "2615"]
[PlyCount "72"]
[EventDate "1997.06.21"]
[Source "ChessBase"]
[SourceDate "1997.10.13"]

1. d4 Nf6 2. c4 e6 3. Nf3 d5 4. Nc3 Nbd7 5. Bg5 h6 6. Bh4 dxc4 7. e4 Be7 8. Qc2
Nb6 9. Rd1 O-O 10. Ne5 Nfd7 11. Bxe7 Qxe7 12. Nxc4 c5 13. Ne3 cxd4 14. Rxd4 Ne5
15. Be2 Nc6 16. Rd2 e5 17. O-O Nd4 18. Qd1 Be6 19. f4 exf4 20. Rxf4 Qg5 21. g3
Nxe2+ 22. Qxe2 Rad8 23. Nf5 Rfe8 24. Rxd8 Qxd8 25. Qf2 h5 26. e5 Qc7 27. Nd6
Re7 28. Qd4 Nd7 29. Nf5 Re8 30. Nd6 Rd8 31. Nd5 Bxd5 32. Qxd5 Nxe5 33. Qxe5
Qxd6 34. Qxh5 Qe6 35. a3 Rd2 36. Qc5 Qh3 0-1

[Event "NED-ch 1997"]
[Site "Rotterdam"]
[Date "1997.06.26"]
[Round "5"]
[White "Sosonko, Gennadi"]
[Black "Nijboer, Friso"]
[Result "1/2-1/2"]
[WhiteElo "2515"]
[BlackElo "2555"]
[PlyCount "109"]
[EventDate "1997.06.21"]
[Source "ChessBase"]
[SourceDate "1997.10.13"]

1. d4 Nf6 2. c4 g6 3. Nc3 Bg7 4. e4 d6 5. Nf3 O-O 6. Be2 e5 7. O-O Nc6 8. d5
Ne7 9. Ne1 Nd7 10. Nd3 f5 11. Bd2 Nf6 12. f3 Kh8 13. Rc1 c6 14. Nf2 f4 15. g4
h5 16. h3 Nh7 17. b4 Bf6 18. Be1 a5 19. a3 axb4 20. axb4 b6 21. Ra1 Rb8 22. Kg2
c5 23. bxc5 dxc5 24. Qb1 Bd7 25. Bd1 Nc8 26. Ba4 Nd6 27. Qb3 Bh4 28. Bxd7 Qxd7
29. Rb1 Qe7 30. Nb5 Nf7 31. Qb2 Ra8 32. Bc3 Bxf2 33. Qxf2 Ra4 34. Ra1 Rfa8 35.
Rfd1 Rxa1 36. Rxa1 Rxa1 37. Bxa1 Kg8 38. Bc3 Nf6 39. Qa2 hxg4 40. hxg4 Nxe4 41.
fxe4 Qh4 42. Qf2 Qxg4+ 43. Kf1 f3 44. d6 Qxe4 45. Qd2 Qxc4+ 46. Kf2 Qxb5 47. d7
Kh7 48. Bxe5 Qb4 49. d8=Q Nxd8 50. Qxd8 Kh6 51. Qh8+ Kg5 52. Qf6+ Kh5 53. Bf4
Qd4+ 54. Qxd4 cxd4 55. Kxf3 1/2-1/2

[Event "NED-ch 1997"]
[Site "Rotterdam"]
[Date "1997.06.26"]
[Round "5"]
[White "Van den Doel, Erik"]
[Black "Piket, Jeroen"]
[Result "1-0"]
[WhiteElo "2430"]
[BlackElo "2640"]
[PlyCount "79"]
[EventDate "1997.06.21"]
[Source "ChessBase"]
[SourceDate "1997.10.13"]

1. e4 e5 2. Nf3 Nc6 3. Bb5 a6 4. Ba4 Nf6 5. O-O Be7 6. Re1 b5 7. Bb3 d6 8. c3
O-O 9. h3 Na5 10. Bc2 c5 11. d4 Bb7 12. Nbd2 cxd4 13. cxd4 Rc8 14. Nf1 Qc7 15.
Bd3 exd4 16. Nxd4 Rfe8 17. Ng3 Nc4 18. a4 Qb6 19. Ndf5 Bf8 20. axb5 axb5 21. b3
d5 22. bxc4 dxc4 23. Bb1 Rcd8 24. Qc2 Qc6 25. Bg5 Bc5 26. Nxg7 Kxg7 27. Qc3 Re6
28. Nh5+ Kh8 29. Bxf6+ Rxf6 30. Qxf6+ Qxf6 31. Nxf6 Rd2 32. Ng4 c3 33. Ra2 Rd4
34. Bc2 b4 35. Ra5 Be7 36. Ra7 Rd7 37. Ne5 Rc7 38. Nd3 Kg7 39. Rb1 Rd7 40. Nxb4
1-0

[Event "NED-ch 1997"]
[Site "Rotterdam"]
[Date "1997.06.26"]
[Round "5"]
[White "Van der Sterren, Paul"]
[Black "Timman, Jan"]
[Result "1/2-1/2"]
[WhiteElo "2515"]
[BlackElo "2630"]
[PlyCount "74"]
[EventDate "1997.06.21"]
[Source "ChessBase"]
[SourceDate "1997.10.13"]

1. d4 Nf6 2. c4 g6 3. Nc3 d5 4. Nf3 Bg7 5. Qb3 dxc4 6. Qxc4 O-O 7. e4 Na6 8.
Be2 c5 9. d5 e6 10. O-O exd5 11. exd5 Re8 12. Be3 Bf5 13. Rad1 Qb6 14. b3 Ng4
15. Bd2 Ne5 16. Nxe5 Bxe5 17. Be3 Qa5 18. Rc1 Rac8 19. Rfd1 Nb4 20. d6 Red8 21.
Bf4 Bd4 22. a3 Nc6 23. Nb5 Bb2 24. Bg5 Rd7 25. Qxc5 Re8 26. b4 Qa4 27. Bf1 Bxc1
28. Qxc1 Qc2 29. Qa1 h5 30. Nc7 Re4 31. Bd3 Qxd1+ 32. Qxd1 Rxd6 33. h3 Rxd3 34.
Qxd3 Re1+ 35. Qf1 Rxf1+ 36. Kxf1 Nd4 37. Bf6 Nb5 1/2-1/2

[Event "NED-ch 1997"]
[Site "Rotterdam"]
[Date "1997.06.26"]
[Round "5"]
[White "Van der Wiel, John"]
[Black "Cifuentes Parada, Roberto"]
[Result "1/2-1/2"]
[WhiteElo "2555"]
[BlackElo "2515"]
[PlyCount "39"]
[EventDate "1997.06.21"]
[Source "ChessBase"]
[SourceDate "1997.10.13"]

1. e4 e6 2. d4 d5 3. Nd2 dxe4 4. Nxe4 Nd7 5. Nf3 Ngf6 6. Bd3 c5 7. Nxf6+ Nxf6
8. O-O cxd4 9. Nxd4 Bc5 10. Nf3 O-O 11. Bg5 b6 12. Qe2 Bb7 13. Rad1 Qc7 14. Ne5
Rfd8 15. Rfe1 h6 16. Bxf6 gxf6 17. Ng4 Qf4 18. Be4 Bxe4 19. Qxe4 Qg5 20. Qf3
1/2-1/2

[Event "NED-ch 1997"]
[Site "Rotterdam"]
[Date "1997.06.27"]
[Round "6"]
[White "Cifuentes Parada, Roberto"]
[Black "Van der Sterren, Paul"]
[Result "0-1"]
[WhiteElo "2515"]
[BlackElo "2515"]
[PlyCount "100"]
[EventDate "1997.06.21"]
[Source "ChessBase"]
[SourceDate "1997.10.13"]

1. c4 e5 2. Nc3 Nf6 3. Nf3 Nc6 4. e3 Bb4 5. Qc2 Bxc3 6. Qxc3 Qe7 7. a3 d5 8.
cxd5 Nxd5 9. Qb3 Nb6 10. d3 Bg4 11. Be2 O-O-O 12. Qc2 f5 13. b4 a6 14. Bb2 Kb8
15. Rc1 e4 16. dxe4 fxe4 17. Nd4 Nxd4 18. Bxd4 Bxe2 19. Qxe2 Rd5 20. O-O Rhd8
21. Rc5 Nc8 22. Rfc1 R8d7 23. h3 g6 24. Qc4 Qf7 25. Qc2 Rxc5 26. Qxc5 Qd5 27.
a4 b6 28. Qc2 Nd6 29. a5 b5 30. Qc5 Qxc5 31. Rxc5 Nf5 32. Be5 Kb7 33. Kf1 Ne7
34. Ke2 Nd5 35. Bc3 c6 36. f4 exf3+ 37. gxf3 Re7 38. Bd2 Nf4+ 39. Kf1 Rd7 40.
exf4 Rxd2 41. Re5 Kc7 42. Re7+ Kd6 43. Rxh7 c5 44. Rg7 cxb4 45. Rxg6+ Kc5 46.
Ke1 Rh2 47. Kd1 b3 48. Kc1 Kb4 49. Rg1 Ka3 50. Kb1 b4 0-1

[Event "NED-ch 1997"]
[Site "Rotterdam"]
[Date "1997.06.27"]
[Round "6"]
[White "Nijboer, Friso"]
[Black "Van der Weide, Karel"]
[Result "1-0"]
[WhiteElo "2555"]
[BlackElo "2355"]
[PlyCount "69"]
[EventDate "1997.06.21"]
[Source "ChessBase"]
[SourceDate "1997.10.13"]

1. e4 e6 2. d4 d5 3. Nc3 Nc6 4. e5 f6 5. Bb5 Bd7 6. Nf3 Qe7 7. O-O Qf7 8. a3
O-O-O 9. b4 Nge7 10. Bd3 Nf5 11. Ne2 h5 12. Qe1 Re8 13. b5 Nd8 14. a4 Kb8 15.
Qc3 Bc8 16. a5 g5 17. exf6 g4 18. Ne5 Qxf6 19. b6 Bd6 20. a6 Re7 21. axb7 Bxb7
22. bxc7+ Rxc7 23. Qb2 Nxd4 24. Qxd4 Bxe5 25. Qxa7+ Kc8 26. Rb1 Nc6 27. Qa4 Kd7
28. Rb6 Ra8 29. Qb3 Kc8 30. Be3 Na5 31. Qb5 Bc6 32. Qb4 Nc4 33. Bxc4 Ra4 34.
Ba6+ Kd7 35. Qb3 1-0

[Event "NED-ch 1997"]
[Site "Rotterdam"]
[Date "1997.06.27"]
[Round "6"]
[White "Piket, Jeroen"]
[Black "Van der Wiel, John"]
[Result "0-1"]
[WhiteElo "2640"]
[BlackElo "2555"]
[PlyCount "60"]
[EventDate "1997.06.21"]
[Source "ChessBase"]
[SourceDate "1997.10.13"]

1. d4 Nf6 2. c4 e6 3. Nf3 b6 4. g3 Bb7 5. Bg2 Be7 6. O-O O-O 7. d5 exd5 8. Nh4
c6 9. cxd5 Nxd5 10. Nf5 Nc7 11. e4 d5 12. Re1 dxe4 13. Nc3 Bc8 14. Nxe7+ Qxe7
15. Bxe4 Be6 16. Bf4 Rd8 17. Qh5 h6 18. Re3 Ne8 19. Bf5 Nd7 20. Rae1 Nf8 21.
Qf3 Rac8 22. h4 Qf6 23. Bc2 Ng6 24. Rxe6 fxe6 25. Rxe6 Qxe6 26. Bb3 Nxf4 27.
gxf4 Rd5 28. Nxd5 Qg6+ 29. Kh2 cxd5 30. Qxd5+ Kf8 0-1

[Event "NED-ch 1997"]
[Site "Rotterdam"]
[Date "1997.06.27"]
[Round "6"]
[White "Sokolov, Ivan"]
[Black "Van den Doel, Erik"]
[Result "1-0"]
[WhiteElo "2615"]
[BlackElo "2430"]
[PlyCount "101"]
[EventDate "1997.06.21"]
[Source "ChessBase"]
[SourceDate "1997.10.13"]

1. d4 Nf6 2. c4 g6 3. Nc3 Bg7 4. e4 d6 5. Nf3 O-O 6. Be2 e5 7. O-O Nh5 8. g3
Bh3 9. Re1 exd4 10. Nxd4 Nf6 11. Bg5 h6 12. Be3 Re8 13. Qd2 Kh7 14. f3 Nbd7 15.
Rad1 c6 16. Nc2 Bf8 17. Bf2 a5 18. Ne3 h5 19. Ng2 Bxg2 20. Kxg2 a4 21. Qc2 Qa5
22. f4 a3 23. b4 Qxb4 24. Rb1 Qa5 25. Rxb7 Reb8 26. Reb1 Rxb7 27. Rxb7 Rb8 28.
Rxb8 Nxb8 29. Qb3 Nbd7 30. c5 d5 31. exd5 Nxc5 32. Qc4 cxd5 33. Nxd5 Nfe4 34.
Be3 Qe1 35. f5 gxf5 36. Bxh5 Nd7 37. Qc7 Nef6 38. Nxf6+ Nxf6 39. Qxf7+ Bg7 40.
Bf2 Qe4+ 41. Bf3 Qc2 42. h3 Kh8 43. g4 Ne4 44. Qe8+ Kh7 45. Bxe4 fxe4 46. Qh5+
Kg8 47. Qd5+ Kh8 48. Qa8+ Kh7 49. Qxa3 Bh6 50. Qc5 Qe2 51. Qf5+ 1-0

[Event "NED-ch 1997"]
[Site "Rotterdam"]
[Date "1997.06.27"]
[Round "6"]
[White "Sosonko, Gennadi"]
[Black "Riemersma, Liafbern"]
[Result "1-0"]
[WhiteElo "2515"]
[BlackElo "2435"]
[PlyCount "43"]
[EventDate "1997.06.21"]
[Source "ChessBase"]
[SourceDate "1997.10.13"]

1. d4 Nf6 2. Nf3 g6 3. c4 d6 4. Nc3 Bf5 5. Nh4 Bd7 6. e4 Bg7 7. Be2 O-O 8. Nf3
Qe8 9. e5 dxe5 10. Nxe5 Bf5 11. Bf3 c6 12. O-O Nbd7 13. Bf4 Nxe5 14. Bxe5 Qd7
15. Bxf6 Bxf6 16. g4 Bxd4 17. gxf5 Rad8 18. fxg6 Qh3 19. Bg2 Bxf2+ 20. Kh1 Qh4
21. gxh7+ Kh8 22. Qf3 1-0

[Event "NED-ch 1997"]
[Site "Rotterdam"]
[Date "1997.06.29"]
[Round "7"]
[White "Riemersma, Liafbern"]
[Black "Nijboer, Friso"]
[Result "1-0"]
[WhiteElo "2435"]
[BlackElo "2555"]
[PlyCount "75"]
[EventDate "1997.06.21"]
[Source "ChessBase"]
[SourceDate "1997.10.13"]

1. d4 Nf6 2. c4 g6 3. Nc3 Bg7 4. e4 d6 5. f3 O-O 6. Bg5 a6 7. d5 c6 8. Rc1 h6
9. Be3 e6 10. Qd2 exd5 11. cxd5 cxd5 12. exd5 Re8 13. Nge2 Kh7 14. Ng3 b5 15.
a4 Nbd7 16. axb5 Nc5 17. Bc4 Nfd7 18. O-O Ne5 19. Bxc5 Nxc4 20. Qf4 Ne5 21. Bf2
Nd3 22. Qd2 Nxc1 23. Rxc1 Bb7 24. b6 Rc8 25. Nge2 Rc4 26. Nd4 Bxd4 27. Bxd4 Qg5
28. f4 Qf5 29. h3 Bxd5 30. Bf2 Bb7 31. Qxd6 Qxf4 32. Qxf4 Rxf4 33. Rd1 Re7 34.
Bc5 Re8 35. Rd7 Bc8 36. Rc7 Rf5 37. b4 Kg8 38. Ne4 1-0